Latent trait and latent class models /

Bibliographic Details
Corporate Author: Universität Kiel. Institut für die Pädagogik der Naturwissenschaften
Other Authors: Langeheine, Rolf, Rost, Jürgen
Format: Book
Language:English
Published: New York : Plenum Press, [1988]
Subjects:

MARC

Tag First Indicator Second Indicator Subfields
LEADER 00000cam a2200000 a 4500
001 in00000032120
005 20151007055041.0
008 880210s1988 nyua b 00100 eng
010 |a  88004141  
020 |a 0306427273 
035 |a (OCoLC)17546532 
035 |9 AAB7086AM 
040 |a DLC  |c DLC  |d TXA  |d UtOrBLW 
049 |a TXAM  |c [A11535340] 
050 0 0 |a QA278.6  |b .L33 1988 
082 0 |a 519.5/35  |2 19 
245 0 0 |a Latent trait and latent class models /  |c edited by Rolf Langeheine and Jürgen Rost. 
264 1 |a New York :  |b Plenum Press,  |c [1988] 
264 4 |c ©1988 
300 |a xv, 311 pages :  |b illustrations ;  |c 24 cm. 
336 |a text  |b txt  |2 rdacontent 
337 |a unmediated  |b n  |2 rdamedia 
338 |a volume  |b nc  |2 rdacarrier 
500 |a Based on an international conference organized by and held at the Institute for Science Education (IPN) in Kiel in Aug. 1985. 
504 |a Includes bibliographies and index. 
650 0 |a Latent structure analysis. 
700 1 |a Langeheine, Rolf. 
700 1 |a Rost, Jürgen. 
710 2 |a Universität Kiel.  |b Institut für die Pädagogik der Naturwissenschaften. 
740 0 |a Latent class models. 
999 |a MARS 
999 f f |s b7edd8df-2684-37fb-9a57-43f906622f7a  |i 1739cc8b-e9cd-304c-9c1c-0fc67565db33  |t 0 
952 f f |p normal  |a Texas A&M University  |b College Station  |c Sterling C. Evans Library  |d Evans: Library Stacks  |t 0  |e QA278.6 .L33 1988  |h Library of Congress classification  |i unmediated -- volume  |m A14811535340 
998 f f |a QA278.6 .L33 1988  |t 0  |l Evans: Library Stacks